banner-ar

EMOTIONAL AND BEHAVIORAL DIFFICULTIES / (Record no. 19191)

MARC details
000 -الفاتح
حقل البيانات ثابتة الطول 00548nam a2200217Ia 4500
008 - عناصر البيانات ثابتة الطول - معلومات عامة
حقل البيانات ثابتة الطول 140319s9999 xx 000 0 eng d
040 ## - مصدر الفهرسة
وكالة الفهرسة الأصلية GCL /
وكالة النسخ GCL
082 04 - رقم تصنيف ديوى العشرى
رقم التصنيف 371.93
رقم المادة C E
100 1# - المدخل الرئيسى - إسم شخصى
الإسم الشخصى COOPER,PAUL
245 10 - بيان العنوان
العنوان EMOTIONAL AND BEHAVIORAL DIFFICULTIES /
بيان المسئوليه,etc COOPER,PAUL
700 1# - المدخل الاضافى - اسم شخصى
الإسم الشخصى SMITH, C.J.
700 1# - المدخل الاضافى - اسم شخصى
الإسم الشخصى UPTON, GRAHAM
260 ## - PUBLICATION, DISTRIBUTION, ETC. (IMPRINT)
تاريخ النشر أو التوزيع 1994
300 ## - الوصف المادى
التعداد 210
650 04 - المدخل الاضافى بالموضوع-مصطلح موضوعى
مصطلح موضوعي PROBLEM CHILDREN
650 04 - المدخل الاضافى بالموضوع-مصطلح موضوعى
مصطلح موضوعي BEHAVIOUR
650 04 - المدخل الاضافى بالموضوع-مصطلح موضوعى
مصطلح موضوعي CLASSROOM MANAGEMENT
650 04 - المدخل الاضافى بالموضوع-مصطلح موضوعى
مصطلح موضوعي EDUCATION
942 ## - عناصر المدخل الإضافي( كوها)
مصدر التصنيف او مخطط الترفيف Dewey Decimal Classification
Koha [default] item type كتاب
260 ## - PUBLICATION, DISTRIBUTION, ETC. (IMPRINT)
-- [S.N] :
-- ROUTLEDGE ،
Holdings
حالة التراجع حالة الفقد حالة تلف ليس للاعارة المكان المؤقت الموقع الحالى تاريخ الاكتساب اجمالي اﻻعارات رقم الطلب الباركود تاريخ اخر مشاهدة تاريخ تفعيل السعر نوع وعاء كوها
        مكتبة القاهرة الكبرى مكتبة القاهرة الكبرى 03/26/2014   371.93\C E 36737 03/26/2014 03/26/2014 كتاب
        مكتبة القاهرة الكبرى مكتبة القاهرة الكبرى 03/26/2014   371.93\C E 36738 03/26/2014 03/26/2014 كتاب

Powered By

EGPV